[Event "WchT Seniors 65"]
[Site "Radebeul"]
[Date "2016.07.03"]
[Round "8.17"]
[White "Forslund, Lennart"]
[Black "Mortensen, Steen Juul"]
[Result "0-1"]
[WhiteElo "1856"]
[BlackElo "2002"]
[PlyCount "72"]
[EventDate "2016.06.26"]
[EventType "team-swiss"]
[EventRounds "9"]
[EventCountry "GER"]
[SourceTitle "CBM 173 Extra"]
[Source "ChessBase"]
[SourceDate "2016.08.29"]
[SourceVersion "1"]
[SourceVersionDate "2016.08.29"]
[SourceQuality "1"]
[WhiteTeam "Sweden III"]
[BlackTeam "Denmark"]
[WhiteTeamCountry "SWE"]
[BlackTeamCountry "DEN"]

1. b3 Nf6 2. Bb2 d6 3. d4 g6 4. g3 Bg7 5. Bg2 Nbd7 6. Nf3 0-0 7. 0-0 c6 8. c4 Re8 9. Qd3 Qc7 10. d5 Nc5 11. Qd1 cxd5 12. cxd5 Bd7 13. Nc3 a5 14. Rc1 b5 15. Nd4 Qb7 16. e3 b4 17. Nce2 Ng4 18. Rc2 a4 19. Qd2 Ne5 20. Rb1 axb3 21. axb3 Ra6 22. Ra1 Rea8 23. Rcc1 Ned3 24. Rxa6 Rxa6 25. Rb1 Qa8 26. Nc1 Nxb2 27. Qxb2 Ra3 28. Qd2 Qa5 29. f3 Qb6 30. Bf1 h5 31. Na2 Bxd4 32. Qxd4 Rxa2 33. Bc4 Qa5 34. e4 Bh3 35. Bf1 Bxf1 36. Kxf1 Rxh2 0-1

[Event "WchT Seniors 65"]
[Site "Radebeul"]
[Date "2016.06.27"]
[Round "2.3"]
[White "Forslund, Lennart"]
[Black "Olof, Erik"]
[Result "0-1"]
[WhiteElo "1856"]
[BlackElo "1975"]
[PlyCount "70"]
[EventDate "2016.06.26"]
[EventType "team-swiss"]
[EventRounds "9"]
[EventCountry "GER"]
[SourceTitle "CBM 173 Extra"]
[Source "ChessBase"]
[SourceDate "2016.08.29"]
[SourceVersion "1"]
[SourceVersionDate "2016.08.29"]
[SourceQuality "1"]
[WhiteTeam "Sweden III"]
[BlackTeam "Koninklijke DD"]
[WhiteTeamCountry "SWE"]
[BlackTeamCountry "NED"]

1. Nf3 d5 2. b3 Nf6 3. Bb2 Bg4 4. e3 Nbd7 5. d4 e6 6. Be2 Bd6 7. Nbd2 Qe7 8. Ne5 Bxe2 9. Qxe2 0-0 10. 0-0 c6 11. c4 Rfc8 12. Nxd7 Nxd7 13. f4 f5 14. c5 Bc7 15. b4 Nf6 16. a4 Qd7 17. Nf3 a6 18. Bc3 Ne4 19. Qd3 h6 20. Nd2 Nf6 21. Rfb1 g5 22. g3 Qg7 23. Kh1 Kh8 24. Qe2 Rg8 25. b5 axb5 26. axb5 Rxa1 27. Bxa1 cxb5 28. Nf3 gxf4 29. exf4 Ne4 30. Rg1 Qg4 31. Rg2 Ra8 32. Qf1 Rxa1 33. Qxa1 Qxf3 34. Kg1 Ba5 35. Qb1 Bc3 0-1